Excavations at Nippur : Twelfth season /

محفوظ في:

المؤلف الرئيسي: Gibson, McGuire. (مؤلف)

التنسيق: كتاب

اللغة: English

منشور في: Chicago : Oriental Institute, 1992.

الطبعة: 2. print.

سلاسل: Oriental Institute communications ; 23.
OIC ; 23.

الموضوعات:

الوسوم: إضافة وسم

لا توجد وسوم, كن أول من يضع وسما على هذه التسجيلة!

رقم الطلب: DS41 .C53 v.23

LEADER 00729nam a2200229Ia 4500
003 OSt
005 20260302144030.0
008 211223s1992 iluaf b 000 0 eng d
040 |c ARCE Library 
050 4 |a DS41 .C53 v.23 
100 1 |a Gibson, McGuire.  |e author 
245 1 0 |a Excavations at Nippur :   |b Twelfth season /   |c by McGuire Gibson ... [et al.]. 
250 |a 2. print. 
264 1 |a Chicago :   |b Oriental Institute,   |c 1992. 
300 |a xiv, 189 p., [50] leaves of plates :   |b ill. ;   |c 30 cm. 
490 0 |a Oriental Institute communications ;   |v 23. 
490 0 |a OIC ;   |v 23. 
504 |a Includes bibliographical references. 
650 1 4 |a Nippur (Extinct city). 
901 |a reviewed 
942 |2 lcc  |c BK 
999 |c 41317  |d 41317